Statistics for Largest Cities and Towns of SOUTH CAROLINA by First Letter

Click here to take the quiz!

General Stats

  • This quiz has been taken 93 times
    (49 since last reset)
  • The average score is 10 of 24

Answer Stats

Letter Population CITY/TOWN % Correct
C134,875Charleston
100%
G68,219Greenville
91%
N110,861North Charleston
71%
F37,778Florence
69%
R73,068Rock Hill
60%
A30,721Aiken
57%
H40,055Hilton Head Island
54%
L21,265Lexington
51%
O12,954Orangeburg
51%
M86,668Mount Pleasant
46%
S50,388Summerville
40%
E21,053Easley
40%
I12,250Irmo
37%
U7,821Union
37%
Y8,147York
34%
D6,444Dillon
31%
W17,265West Columbia
23%
B21,085Bluffton
17%
V2,011Varnville
14%
K3,096Kingstree
11%
J2,331Johnston
9%
P12,886Port Royal
9%
Q930Quinby
9%
T10,339Tega Cay
9%

Score Distribution

Percentile by Number Answered

Percent of People with Each Score

Your Score History

You have not taken this quiz since the last reset